000 00600nam a22001817a 4500
005 20231101132341.0
008 231101b |||||||| |||| 00| 0 eng d
020 _a070210888
041 _aEnglish
082 _a346.7 DIE
100 _aDiemont, MA, Marais, RM and Aronstam, PJ
_lEnglish
245 _aThe Law of Hire-Purchase in South Africa /
_cMA Diemont, RM Marais and PJ Aronstam
250 _aFourth Edition
260 _aCape Town :
_bJuta and Company Ltd,
_c1978
300 _bxl, 336 pages ;
_c26 cm.
650 _aLegal practice
_bLaw
942 _cBK
_6ALISON_BN_VRIES
999 _c224
_d224